000 00380nam a22001337a 4500
005 20230726121817.0
008 230726b |||||||| |||| 00| 0 eng d
040 _c##$aRTC$cRTC
050 _a564
245 _aDrug addiction; Identification and initial motivation
_bA field guide for service providers and trainers
260 _c2002
300 _a82 p.
_c28 cm
942 _2ddc
_cMAIN
999 _c9618
_d9619